| 000 | 00504nam a2200181Ia 4500 | ||
|---|---|---|---|
| 005 | 20250326125210.0 | ||
| 008 | 250326s9999 xx 000 0 und d | ||
| 037 | _aTextbook | ||
| 040 |
_aFMSL _beng _cFMSL |
||
| 041 |
_aeng _2eng |
||
| 084 |
_aX3:8N K8 _qFMSL |
||
| 100 |
_aBassett G A _9738474 |
||
| 245 | 0 |
_aNew face of communication _cBassett G A |
|
| 260 |
_aUSA _bUSA, American Management Association _c1968 |
||
| 300 | _a204p | ||
| 942 |
_cTB _hX3:8N K8 |
||
| 999 |
_c1276975 _d1276975 |
||